Les plats français qui dégoutent les étrangers - Statistiques

Statistiques générales
  • Ce quiz a été pris 278 fois
    64 depuis la dernière actualisation
  • Le résultat moyen est 3 sur 10
Statistiques - réponses
TOP Plats % Correct
1 Escargots
97%
2 Cuisses de grenouille
43%
8 Langue de bœuf
38%
9 Boudin noir
34%
6 Foie gras
28%
10 Cervelle de veau
26%
7 Rognons
26%
3 Tête de veau
22%
5 Ris de veau
14%
4 Tripes de bœuf
10%
Aucun quiz correspondant
Distribution des résultats
% des personnes avec chaque résultat
Percentile par nombre de réponses
Votre historique - résultats
Vous n’avez pas pris ce quiz depuis la dernière actualisation